Interferência de Commelina benghalensis no crescimento inicial de Eucalyptus grandis no inverno e no verão (Registro n. 329113)
[ somente texto ]
| 000 -LÍDER | |
|---|---|
| fixed length control field | 04581nab a2200301 i 4500 |
| 003 - CÓDIGO MARC DA AGÊNCIA CATALOGADORA | |
| Campo de controle | BR-BrBNA |
| 005 - DATA E HORA DA ÚLTIMA ATUALIZAÇÃO | |
| Campo de controle | 20241209151514.0 |
| 008 - CAMPO DE TAMANHO FIXO | |
| fixed length control field | 241209b2021 bl.qr|pooa||| 00| 0 por | |
| 040 ## - FONTE DA CATALOGAÇÃO | |
| Agência catalogadora | BR-BrBNA |
| Idioma da catalogação | por |
| 072 ## - CATEGORIA AGRIS | |
| Código AGRIS | H60 |
| Código do objeto | 3240 |
| 100 ## - ENTRADA PRINCIPAL - NOME PESSOAL | |
| Nome pessoal | Costa, Augusto Guerreiro Fontoura |
| 100 ## - ENTRADA PRINCIPAL - NOME PESSOAL | |
| Nome pessoal | Bacha, Allan Lopes |
| 100 ## - ENTRADA PRINCIPAL - NOME PESSOAL | |
| Nome pessoal | Pires, Rodrigo Neto |
| 100 ## - ENTRADA PRINCIPAL - NOME PESSOAL | |
| Nome pessoal | Pavani, Maria do Carmo Morelli Damasceno |
| 100 ## - ENTRADA PRINCIPAL - NOME PESSOAL | |
| Nome pessoal | Alves, Pedro Luis da Costa Aguiar |
| 245 ## - TÍTULO PRINCIPAL | |
| Título principal | Interferência de Commelina benghalensis no crescimento inicial de Eucalyptus grandis no inverno e no verão |
| 500 ## - NOTA GERAL | |
| Nota geral | Publicação on-line; 37 ref.; 3 tables; 4 illus.; Summaries (En, Pt) |
| 942 ## - ADDED ENTRY ELEMENTS (KOHA) | |
| Koha item type | Analítica |
| 520 ## - NOTA DE RESUMO | |
| Nota de conteúdo | <br/><br/>RESUMO<br/><br/>Plantas de eucalipto são sensíveis à interferência imposta pela comunidade infestante, principalmente<br/>durante o crescimento inicial, período que compreende o primeiro ano após a instalação da cultura.<br/>Sendo assim, o presente estudo objetivou avaliar o efeito de densidades crescentes de Commelina<br/>benghalensis L. (trapoeraba) sobre o crescimento inicial de plantas de Eucalyptus grandis Hill (ex Maiden)<br/>em duas estações do ano (inverno e verão). Foram realizados dois experimentos, um no inverno (durante<br/>90 dias) e outro no verão (durante 120 dias), em área aberta, semicontrolada, em caixas de 70 L. Para<br/>ambos os experimentos utilizou-se delineamento em blocos casualizados, com quatro repetições e os<br/>tratamentos consistiram de densidades crescentes de trapoeraba: 0 (testemunha), 4, 8, 16, 20, 28, 36,<br/>40, 60 e 80 plantas m-2. Quinze dias após o plantio das mudas de trapoeraba, foi plantada uma muda<br/>de eucalipto no centro de cada caixa. Ao final dos períodos experimentais, foram avaliados a altura, o<br/>diâmetro, a área foliar e a massa seca da parte aérea do eucalipto. Observou-se que a partir de 4 plantas<br/>m-2 já houve interferência negativa no crescimento do eucalipto, com reduções de 38,4% na área foliar e<br/>35% na massa seca, no inverno; e reduções de 52,9% na área foliar e 64,7% na massa seca, no período<br/>de verão. Conclui-se que a partir da densidade de 4 plantas m-2 há interferência no crescimento do<br/>eucalipto e que, no período de verão, a planta daninha apresenta comportamento competitivo mais<br/>agressivo, causando maior interferência nas plantas de eucalipto.<br/><br/>Palavras-chave: Eucalipto; Trapoeraba; Competição; Plantas daninhas; Densidades |
| 520 ## - NOTA DE RESUMO | |
| Nota de conteúdo | <br/><br/>ABSTRACT<br/><br/>Eucalyptus seedlings are sensitive to the interference imposed by weed community, especially during<br/>the initial growth period, which is the first year after crop establishment. Thus, this study aimed at<br/>evaluating the effect of increasing densities of Commelina benghalensis L. on the initial growth of Eucalyptus<br/>grandis Hill (ex Maiden) plants at two seasons of the year. For this, two experiments were carried out<br/>using 70 L boxes in an open and semi-controlled area: one in winter (during 90 days) and another in<br/>summer (during 120 days). Both experiments were randomized block designs with four replicates each.<br/>The treatments consisted of increasing densities of tropical spiderwort, namely: 0 (control), 4, 8, 16,<br/>20, 28, 36, 40, 60 and 80 plants m-2. Fifteen days after planting the tropical spiderwort seedlings, one<br/>seedling of eucalyptus was planted in the center of each box. The height, diameter, leaf area and total<br/>dry mass of eucalyptus were evaluated at the end of the experimental periods. Densities from 4 plants<br/>m-2 negatively interfered with eucalyptus growth, reducing by 38.4% the leaf area and 35% the dry mass<br/>in winter. While in summer, we found reductions of 52.9% in the leaf area and 64.7% in the dry mass.<br/>We concluded that the density from 4 plants m-2 interferes with the growth of eucalyptus and that the<br/>weed shows a more aggressive competitive behavior in the summer causing greater interference in the<br/>eucalyptus.<br/><br/>Keywords: Eucalypt; Tropical spiderwort; Competition; Weeds; Weed densities |
| 650 ## - ASSUNTO - THESAGRO | |
| Cabeçalho tópico ou nome geográfico | EUCALIPTO |
| 650 ## - ASSUNTO - THESAGRO | |
| Cabeçalho tópico ou nome geográfico | TRAPOERABA |
| 650 ## - ASSUNTO - THESAGRO | |
| Cabeçalho tópico ou nome geográfico | COMPETIÇÃO BIOLÓGICA |
| 650 ## - ASSUNTO - THESAGRO | |
| Cabeçalho tópico ou nome geográfico | ERVA DANINHA |
| 773 0# - ENTRADA ANALÍTICA | |
| Host Biblionumber | 4065 |
| Registro do item | 347176 |
| Imprenta | Santa Maria-RS Universidade Federal de Santa Maria - Centro de Pesquisas Florestais.Departamento de Ciências Florestais. Programa de Pós-Graduação em Engenharia Florestal 1991 |
| Outro identificador | 2024-8033 |
| Título | Ciência Florestal (Brazil) |
| ISSN | 0103-9954; 1980-5098 (on-line) |
| Colação | v. 31(2) p. 590-606; (Apr-Jun 2021) |
| Número de controle de registro | BR2023001853 |
| 856 ## - ACESSO E ENDEREÇO ELETRÔNICO | |
| Identificador uniforme de recurso - URI | https://www.scielo.br/j/cflo/a/mykJZ4Yqmpy9QYJWDVKnHPx/?format=pdf&lang=pt |
Nenhum exemplar disponível.

BINAGRI